| 000 | 00457nam a22001817a 4500 | ||
|---|---|---|---|
| 005 | 20250814145204.0 | ||
| 008 | 250814b |||||||| |||| 00| 0 eng d | ||
| 020 |
_a9780552773485 _qpbk |
||
| 041 | _aeng | ||
| 082 | _a823.914 KIN | ||
| 100 | _aKinsella Sophie | ||
| 245 |
_aShopaholic Ties The Knot _c/ Sophie Kinsella |
||
| 250 | _a1st ed | ||
| 260 |
_aBritain _bBlack Swan _c2002 |
||
| 300 |
_a393p. : _c18cm |
||
| 650 | _aFiction | ||
| 942 | _cENGLISH | ||
| 999 |
_c582311 _d582311 |
||